| 000 | 00724cam a2200253 4500 | ||
|---|---|---|---|
| 008 | 000000n2000 000 0 eng u | ||
| 035 | _a(Sirsi) u107361 | ||
| 245 | _aRegional development in Yorkshire | ||
| 260 | _c2000 | ||
| 490 |
_aYorkshire Post _v 21 July 2000, 1-12(12) LOAN |
||
| 520 | _aSpecial supplement on business activity and development in Yorkshire. | ||
| 590 | _aWB | ||
| 650 | _aYORKSHIRE | ||
| 650 | _aREGIONAL DEVELOPMENT | ||
| 650 | _aBUSINESS DEVELOPMENT | ||
| 650 | _aE-COMMERCE | ||
| 650 | _aEMPLOYMENT | ||
| 650 | _aPROPERTY INVESTMENT | ||
| 650 | _aSHEFFIELD | ||
| 650 | _aCONTAMINATED LAND | ||
| 650 | _aBROWNFIELD SITES | ||
| 690 | _aPROPERTY-PROPERTY DEVELOPMENT | ||
| 942 | _n0 | ||
| 999 |
_c64193 _d64193 |
||